| 000 | 00449nam a2200193Ia 4500 | ||
|---|---|---|---|
| 005 | 20240823031901.0 | ||
| 008 | 240823s9999||||xx |||||||||||||| ||und|| | ||
| 020 | _a978-0-7506-8077-6 | ||
| 041 | _aENGLISH | ||
| 082 | _A624.151 Q1 | ||
| 100 | _a"Bell,F.G" | ||
| 245 | 0 | _aEngineering Geology | |
| 250 | _a2nd | ||
| 260 |
_c2011 _b"Butterworth Heinenann,Burli" |
||
| 500 | _aYES | ||
| 650 |
_aGeology _bCivil |
||
| 942 | _cBK | ||
| 999 |
_c192129 _d192129 |
||